<?xml version="1.0" encoding="utf-8"?>
<?xml-stylesheet type='text/xsl' href='./oai2.xsl'?>
<OAI-PMH xmlns="http://www.openarchives.org/OAI/2.0/" xmlns:xsi="http://www.w3.org/2001/XMLSchema-instance" xsi:schemaLocation="http://www.openarchives.org/OAI/2.0/ http://www.openarchives.org/OAI/2.0/OAI-PMH.xsd">
  <responseDate>2026-06-06T20:07:46Z</responseDate>
  <request verb="GetRecord" metadataPrefix="marcxml" identifier="record_kuniweb_1501985">https://kulturerbe.niedersachsen.de/oai</request>
  <GetRecord>
    <record>
      <header>
        <identifier>record_kuniweb_1501985</identifier>
        <datestamp>2026-03-31T19:09:18Z</datestamp>
        <setSpec>slg0220</setSpec>
      </header>
      <metadata>
        <marc:record xmlns:marc="http://www.loc.gov/MARC21/slim" xsi:schemaLocation="http://www.loc.gov/MARC21/slim http://www.loc.gov/standards/marcxml/schema/MARC21slim.xsd">
          <marc:leader>12345nrm  22     uu 4500</marc:leader>
          <marc:controlfield tag="001">1501985</marc:controlfield>
          <marc:controlfield tag="003">http://kuniweb.gbv.de</marc:controlfield>
          <marc:controlfield tag="005">2023-03-07T11:36:30</marc:controlfield>
          <marc:controlfield tag="008">|           ||||||||||||||||||||||</marc:controlfield>
          <marc:datafield tag="245" ind1="1" ind2="0">
            <marc:subfield code="a">Werraware
Bremervörde FStNr. 74</marc:subfield>
          </marc:datafield>
          <marc:datafield tag="655" ind1=" " ind2="7">
            <marc:subfield code="a">Archäologie</marc:subfield>
          </marc:datafield>
          <marc:datafield tag="046" ind1=" " ind2=" ">
            <marc:subfield code="k">1600</marc:subfield>
            <marc:subfield code="k">frühe Neuzeit</marc:subfield>
            <marc:subfield code="l">1646</marc:subfield>
          </marc:datafield>
          <marc:datafield tag="260" ind1=" " ind2=" ">
            <marc:subfield code="g">1600</marc:subfield>
            <marc:subfield code="g">1646</marc:subfield>
            <marc:subfield code="g">frühe Neuzeit</marc:subfield>
          </marc:datafield>
          <marc:datafield tag="300" ind1=" " ind2=" ">
            <marc:subfield code="a">Länge: 12,3 cm
Breite: 8,9 cm
Dicke: 0,6 cm</marc:subfield>
          </marc:datafield>
          <marc:datafield tag="520" ind1=" " ind2=" ">
            <marc:subfield code="a">Bei der Werraware handelt es sich um glasierte, mit Malhorn und Ritzmalerei (Sgraffito) verzierte Keramik des späten 16. und 17. Jahrhunderts. Ursprünglich wurde diese Art der Keramik in Heiligenstadt im Eichsfeld entwickelt. Wegen Streitigkeiten um die Nutzung des Brennholzes mussten einige Töpfer in andere Orte ausweichen. Bislang ist die Herstellung von Werraware in Wanfried, Eschwege, Großalmerode, Höxter, Witzenhausen, Heiligenstadt, Hannoversch Münden und Enkhuizen (Nordholland) nachgewiesen. Die Werraware erfreute sich großer Beliebtheit, so dass sie nicht nur entlang von Werra und Weser gehandelt wurde, sondern etwa auch in Norwegen (Bergen) oder in der ersten dauerhaften englischen Siedlung in Nordamerika, Jamestown (Virginia), zu finden ist.
Das vorliegende Exemplar ist das Fragment einer so genannten Fahne eines Tellers mit floralem Dekor. Es stammt aus einer Ausgrabung auf dem Malersberg in Bremervörde. Dort konnten Hausgrundrisse und eine Straße freigelegt werden, die der 1646 verlegten Altstadt von Bremervörde zuzuordnen sind. (Hesse 02/2023)

Ausgrabungs- / Untersuchungsdatum: 2007

Literatur in Zusammenhang:
H.-G. Stephan, „Heiligenstadt als Herstellungszentrum reich verzierter Keramik der Renaissance Archäolog. Funde u. Schriftzeugn. zu Töpfereien d. Zeit um 1600 im thüring. Eichsfeld u. z. Ursprung d. Werraware“, Die Kunde, Hannover, 1933. [s.n.], [s.l.], S. 575-601, 1991.</marc:subfield>
          </marc:datafield>
          <marc:datafield tag="773" ind1="0" ind2=" ">
            <marc:subfield code="t">Archäologische Funde aus dem Landkreis Rotenburg (Wümme)</marc:subfield>
          </marc:datafield>
          <marc:datafield tag="852" ind1=" " ind2=" ">
            <marc:subfield code="a">Kreisarchäologie Rotenburg</marc:subfield>
          </marc:datafield>
          <marc:datafield tag="852" ind1=" " ind2=" ">
            <marc:subfield code="a">Bremervörde (Rotenburg (Wümme), Niedersachsen)</marc:subfield>
          </marc:datafield>
          <marc:datafield tag="" ind1=" " ind2=" ">
            <marc:subfield code="a">Namensnennung - Weitergabe unter gleichen Bedingungen 4.0 International (CC BY-SA 4.0)</marc:subfield>
          </marc:datafield>
        </marc:record>
      </metadata>
    </record>
  </GetRecord>
</OAI-PMH>
